| 000 | 00497nam a22001457a 4500 | ||
|---|---|---|---|
| 082 | _a005 | ||
| 100 | _aWaris, Madiha | ||
| 245 |
_aIndexing of unstructured data for searchable encryption in cloud environment / _cMadiha Waris. |
||
| 260 |
_aIslamabad: _bCEME - NUST, _c2013. |
||
| 300 |
_a61 p. : _bill. ; _c30cm. |
||
| 650 |
_aComputer Software Engineering MS-Thesis. _916105 |
||
| 700 |
_aDr. Shoab Ahmed khan _916053 |
||
| 942 |
_2ddc _cTHE |
||
| 999 |
_c540689 _d540689 |
||